[Event "Sant Adria de Besos op 2nd"]
[Site "Sant Adria de Besos"]
[Date "2018.08.15"]
[Round "7"]
[White "Soares, Erikson Roberto Mau"]
[Black "Canal Oliveras, Joan"]
[Result "1-0"]
[WhiteElo "2283"]
[BlackElo "2183"]
[PlyCount "56"]
[EventDate "2018.08.10"]
[EventType "swiss"]
[EventRounds "9"]
[EventCountry "ESP"]
[SourceTitle "CBM 186 Extra"]
[Source "ChessBase"]
[SourceDate "2018.08.24"]
[SourceVersion "1"]
[SourceVersionDate "2018.08.24"]
[SourceQuality "1"]

1. Nf3 Nc6 2. d4 d5 3. g3 Bg4 4. Bg2 Qd7 5. Ne5 Nxe5 6. dxe5 e6 7. c4 c6 8. Qd4 Bf5 9. cxd5 exd5 10. Nc3 Bh3 11. Bxh3 Qxh3 12. Bf4 Nh6 13. e4 dxe4 14. Bxh6 Qxh6 15. Rd1 Qh3 16. Qxe4 Be7 17. Rd3 0-0 18. g4 Qh4 19. 0-0 Rad8 20. Rxd8 Bxd8 21. Qe2 f5 22. f3 Qh3 23. e6 Bb6+ 24. Kh1 fxg4 25. e7 Re8 26. Qc4+ Kh8 27. fxg4 Bc5 28. Qf7 Ba3 1-0

[Event "Olympiad-42"]
[Site "Baku"]
[Date "2016.09.12"]
[Round "10.3"]
[White "Soares, Erikson Roberto Mau"]
[Black "Ermeni, Avni"]
[Result "1-0"]
[WhiteElo "2274"]
[BlackElo "2270"]
[PlyCount "69"]
[EventDate "2016.09.02"]
[EventType "team-swiss"]
[EventRounds "11"]
[EventCountry "AZE"]
[SourceTitle "CBM 175"]
[Source "ChessBase"]
[SourceDate "2016.11.10"]
[SourceVersion "1"]
[SourceVersionDate "2016.11.10"]
[SourceQuality "1"]
[WhiteTeam "Angola"]
[BlackTeam "Kosovo"]
[WhiteTeamCountry "ANG"]
[BlackTeamCountry "KOS"]

1. Nf3 Nf6 2. g3 b5 3. Bg2 Bb7 4. d4 e6 5. 0-0 c5 6. c4 b4 7. d5 exd5 8. Nh4 Be7 9. cxd5 d6 10. Nf5 0-0 11. e4 Re8 12. e5 Nfd7 13. exd6 Bf6 14. Nd2 Ne5 15. Ne4 Nbd7 16. Re1 c4 17. Re3 Nd3 18. Qg4 N7e5 19. Qe2 Nd7 20. Nxf6+ Nxf6 21. Re7 Rxe7 22. dxe7 Qd7 23. Bg5 Qxf5 24. Bxf6 Re8 25. Qf3 Qd7 26. Qh5 Bc8 27. Qg5 Qg4 28. Qxg4 Bxg4 29. d6 Bd7 30. Bd4 Rc8 31. Bb7 Rb8 32. Ba6 Nxb2 33. Bxb2 c3 34. Bc1 Rb6 35. Bc8 1-0

[Event "Olympiad-42"]
[Site "Baku"]
[Date "2016.09.10"]
[Round "8.3"]
[White "Soares, Erikson Roberto Mau"]
[Black "Mlawa, Hemed"]
[Result "1-0"]
[WhiteElo "2274"]
[BlackElo "1782"]
[PlyCount "83"]
[EventDate "2016.09.02"]
[EventType "team-swiss"]
[EventRounds "11"]
[EventCountry "AZE"]
[SourceTitle "CBM 175"]
[Source "ChessBase"]
[SourceDate "2016.11.10"]
[SourceVersion "1"]
[SourceVersionDate "2016.11.10"]
[SourceQuality "1"]
[WhiteTeam "Angola"]
[BlackTeam "Tanzania"]
[WhiteTeamCountry "ANG"]
[BlackTeamCountry "TAN"]

1. Nf3 d5 2. g3 e6 3. Bg2 Nf6 4. 0-0 Be7 5. d4 0-0 6. c4 dxc4 7. Qc2 a6 8. Qxc4 b5 9. Qc2 Bb7 10. Bd2 Nbd7 11. Ba5 Rc8 12. Nbd2 Nb8 13. Nb3 Nc6 14. Bd2 Nb4 15. Bxb4 Bxb4 16. Nc5 Bxc5 17. dxc5 Be4 18. Qc3 c6 19. Ne5 Bxg2 20. Kxg2 Qd5+ 21. f3 Nd7 22. Nxd7 Qxd7 23. Rfd1 Qc7 24. Rd6 Rfd8 25. Rad1 Rxd6 26. Rxd6 Rd8 27. Qd4 Rxd6 28. cxd6 Qd7 29. e4 f6 30. f4 e5 31. fxe5 Kf7 32. Qf2 Qg4 33. Qa7+ Kg6 34. Kf2 Qxe4 35. Qe3 Qf5+ 36. Qf3 Qc2+ 37. Qe2 Qf5+ 38. Qf3 Qc2+ 39. Ke3 Qc5+ 40. Kd2 fxe5 41. d7 Qb4+ 42. Qc3 1-0

[Event "Africa-ch"]
[Site "Kampala"]
[Date "2016.07.24"]
[Round "9"]
[White "El Gindy, Essam"]
[Black "Soares, Erikson Roberto Mau"]
[Result "1-0"]
[WhiteElo "2431"]
[BlackElo "2282"]
[PlyCount "69"]
[EventDate "2016.07.17"]
[EventType "swiss"]
[EventRounds "9"]
[EventCountry "UGA"]
[SourceTitle "EXT 2017"]
[Source "ChessBase"]
[SourceDate "2016.10.25"]
[SourceVersion "1"]
[SourceVersionDate "2016.10.25"]
[SourceQuality "1"]

1. d4 d5 2. c4 e6 3. Nc3 Nf6 4. Bf4 c6 5. e3 Be7 6. Nf3 Nbd7 7. Bd3 0-0 8. cxd5 exd5 9. 0-0 Re8 10. Rc1 Nh5 11. Nxd5 Nxf4 12. Nxf4 Bf6 13. Nh5 Qa5 14. Nxf6+ Nxf6 15. Ne5 Be6 16. a3 Rad8 17. Qc2 Qb6 18. b4 a5 19. Qc5 Qc7 20. Qxa5 Qxa5 21. bxa5 Rd5 22. a6 bxa6 23. Nxc6 Bc8 24. Ne7+ Rxe7 25. Rxc8+ Re8 26. Rfc1 Ra5 27. R1c3 Rf8 28. Rxf8+ Kxf8 29. Kf1 Nd5 30. Rb3 Ke7 31. Ke2 Kd6 32. Be4 f6 33. Bxd5 Kxd5 34. Kd3 f5 35. f3 1-0

[Event "Africa-ch"]
[Site "Kampala"]
[Date "2016.07.21"]
[Round "5"]
[White "Soares, Erikson Roberto Mau"]
[Black "Hesham, Abdelrahman"]
[Result "0-1"]
[WhiteElo "2282"]
[BlackElo "2400"]
[PlyCount "94"]
[EventDate "2016.07.17"]
[EventType "swiss"]
[EventRounds "9"]
[EventCountry "UGA"]
[SourceTitle "CBM 173 Extra"]
[Source "ChessBase"]
[SourceDate "2016.08.29"]
[SourceVersion "1"]
[SourceVersionDate "2016.08.29"]
[SourceQuality "1"]

1. d4 d5 2. Nf3 Nf6 3. g3 e6 4. Bg2 Be7 5. 0-0 0-0 6. c4 dxc4 7. Qc2 a6 8. Qxc4 b5 9. Qc2 Bb7 10. Bd2 Ra7 11. a3 Be4 12. Qc1 Nc6 13. e3 Qa8 14. Qd1 b4 15. axb4 Nxb4 16. Bc3 a5 17. Na3 Qd5 18. Ne1 Bxg2 19. Nxg2 Rb8 20. Qe2 a4 21. Nf4 Qb3 22. Nc4 Nbd5 23. Bd2 Ne4 24. Rfc1 Nxf4 25. exf4 Nxd2 26. Qxd2 Ra6 27. Ne5 Bd6 28. Qe2 Raa8 29. Rc4 f6 30. Nd7 Qxb2 31. Qxe6+ Kh8 32. Raxa4 Qb1+ 33. Kg2 Qb7+ 34. d5 Re8 35. Rxa8 Qxa8 36. Qf7 Re1 37. Qh5 Qa6 38. Ne5 g6 39. Qh4 fxe5 40. fxe5 g5 41. Qg4 Rxe5 42. Ra4 Qb7 43. h4 Qxd5+ 44. Kh2 Re1 45. Qc8+ Kg7 46. Qd7+ Kg6 47. Qe8+ Rxe8 0-1

[Event "Port Louis zt 4.3"]
[Site "Port Louis"]
[Date "2016.05.01"]
[Round "9"]
[White "Soares, Erikson Roberto Mau"]
[Black "Jotee, Ashvin"]
[Result "1-0"]
[WhiteElo "2265"]
[BlackElo "1729"]
[PlyCount "60"]
[EventDate "2016.04.24"]
[EventType "swiss"]
[EventRounds "9"]
[EventCountry "MRI"]
[SourceTitle "CBM 172 Extra"]
[Source "ChessBase"]
[SourceDate "2016.06.21"]
[SourceVersion "1"]
[SourceVersionDate "2016.06.21"]
[SourceQuality "1"]

1. Nf3 e6 2. g3 d5 3. Bg2 Nf6 4. 0-0 Bd6 5. d4 Nbd7 6. c4 dxc4 7. Nbd2 c6 8. e4 Bc7 9. e5 Nd5 10. Nxc4 h6 11. Nh4 g5 12. Nf3 b6 13. Ne3 Ba6 14. Re1 Qe7 15. Bd2 0-0-0 16. Qa4 Kb7 17. Rac1 Nb8 18. b4 Bd3 19. Qb3 Be4 20. b5 Nxe3 21. fxe3 cxb5 22. Qxb5 Qd7 23. Qf1 Qd5 24. Rc3 Rd7 25. Rec1 g4 26. Ne1 Bxg2 27. Nxg2 Bxe5 28. Qe2 Bxd4 29. exd4 Qxd4+ 30. Be3 Qd5 1-0

[Event "Port Louis zt 4.3"]
[Site "Port Louis"]
[Date "2016.04.30"]
[Round "8"]
[White "Koster, Jeroen Louis"]
[Black "Soares, Erikson Roberto Mau"]
[Result "0-1"]
[WhiteElo "1866"]
[BlackElo "2265"]
[PlyCount "54"]
[EventDate "2016.04.24"]
[EventType "swiss"]
[EventRounds "9"]
[EventCountry "MRI"]
[SourceTitle "CBM 172 Extra"]
[Source "ChessBase"]
[SourceDate "2016.06.21"]
[SourceVersion "1"]
[SourceVersionDate "2016.06.21"]
[SourceQuality "1"]

1. e4 e6 2. d4 d5 3. Nc3 Nf6 4. exd5 exd5 5. Bd3 c6 6. Nge2 Bd6 7. Ng3 0-0 8. 0-0 Qc7 9. Re1 Bg4 10. Nce2 Ne4 11. f3 Nxg3 12. hxg3 Bh5 13. Nf4 Bg6 14. Bxg6 hxg6 15. Qd3 g5 16. Nh3 Bxg3 17. Nxg5 g6 18. Re2 Kg7 19. Nh3 Bh2+ 20. Kh1 Bd6 21. Bg5 Nd7 22. Rae1 Rh8 23. Kg1 Bh2+ 24. Kf1 Bg3 25. Rc1 Rh5 26. f4 Rxh3 27. gxh3 Bxf4 0-1

[Event "Port Louis zt 4.3"]
[Site "Port Louis"]
[Date "2016.04.25"]
[Round "3"]
[White "Soares, Erikson Roberto Mau"]
[Black "Van Rensburg, Ryan Pierre"]
[Result "1/2-1/2"]
[WhiteElo "2265"]
[BlackElo "2178"]
[PlyCount "24"]
[EventDate "2016.04.24"]
[EventType "swiss"]
[EventRounds "9"]
[EventCountry "MRI"]
[SourceTitle "CBM 172 Extra"]
[Source "ChessBase"]
[SourceDate "2016.06.21"]
[SourceVersion "1"]
[SourceVersionDate "2016.06.21"]
[SourceQuality "1"]

1. Nf3 Nf6 2. g3 e6 3. Bg2 c5 4. 0-0 b6 5. Nc3 Bb7 6. Re1 Be7 7. e4 d6 8. d4 cxd4 9. Nxd4 a6 10. Bg5 0-0 11. Rc1 Nbd7 12. h3 Re8 1/2-1/2

[Event "San Sebastian de los Reyes op 17th"]
[Site "San Sebastian"]
[Date "2015.12.06"]
[Round "7"]
[White "Soares, Erikson Roberto Mau"]
[Black "Perez Mitjans, Orelvis"]
[Result "0-1"]
[WhiteElo "2226"]
[BlackElo "2478"]
[PlyCount "56"]
[EventDate "2015.11.30"]
[EventType "swiss"]
[EventRounds "9"]
[EventCountry "ESP"]
[SourceTitle "CBM 170 Extra"]
[Source "ChessBase"]
[SourceDate "2016.02.25"]
[SourceVersion "1"]
[SourceVersionDate "2016.02.25"]
[SourceQuality "1"]

1. Nf3 Nc6 2. d4 d5 3. g3 Bg4 4. Bg2 Qd7 5. c4 e6 6. cxd5 exd5 7. Nc3 Nge7 8. 0-0 f6 9. Re1 0-0-0 10. b4 Nxb4 11. Rb1 Nf5 12. a3 Qc6 13. Bf4 g5 14. Bxc7 Qxc7 15. axb4 Kb8 16. Qd3 Qc4 17. Qxc4 dxc4 18. e3 Nd6 19. b5 Bc8 20. Nd2 Bf5 21. e4 Bg6 22. Bf1 g4 23. Rbd1 Bh6 24. e5 fxe5 25. dxe5 Nxb5 26. Nxb5 Bxd2 27. Rxd2 Rxd2 28. e6 a6 0-1

[Event "San Sebastian de los Reyes op 17th"]
[Site "San Sebastian"]
[Date "2015.12.05"]
[Round "6"]
[White "Soares, Erikson Roberto Mau"]
[Black "Marcos Herrero, Francisco"]
[Result "1-0"]
[WhiteElo "2226"]
[BlackElo "1992"]
[PlyCount "87"]
[EventDate "2015.11.30"]
[EventType "swiss"]
[EventRounds "9"]
[EventCountry "ESP"]
[SourceTitle "CBM 170 Extra"]
[Source "ChessBase"]
[SourceDate "2016.02.25"]
[SourceVersion "1"]
[SourceVersionDate "2016.02.25"]
[SourceQuality "1"]

1. Nf3 c5 2. g3 b6 3. Bg2 Bb7 4. 0-0 Nf6 5. c4 g6 6. Nc3 Bg7 7. Re1 d6 8. e4 Nbd7 9. d4 cxd4 10. Nxd4 Rc8 11. e5 dxe5 12. Bxb7 exd4 13. Bxc8 dxc3 14. Bxd7+ Nxd7 15. Qc2 0-0 16. f4 e5 17. bxc3 Qc8 18. Ba3 Re8 19. Rad1 Nc5 20. Rd5 Ne6 21. fxe5 Qxc4 22. Qb3 Qg4 23. Qd1 Qc4 24. Qb3 Qg4 25. Bc1 Bf8 26. Kg2 g5 27. h3 Qf5 28. Qc4 Rc8 29. Qd3 Qg6 30. Qxg6+ hxg6 31. Bd2 Rc4 32. Re2 g4 33. Rd7 gxh3+ 34. Kxh3 Ra4 35. Rf2 Rxa2 36. Be3 Ra3 37. Rdxf7 Rxc3 38. R7f6 Rxe3 39. Rxe6 Bc5 40. Rxg6+ Kh7 41. Rg5 Re4 42. Rf4 Rb4 43. e6 a5 44. Rxc5 1-0

[Event "Sao Bento do Sul op 5th"]
[Site "Sao Bento do Sul"]
[Date "2015.09.06"]
[Round "5"]
[White "Dos Santos, Haroldo Cunha Jr"]
[Black "Soares, Erikson Roberto Mau"]
[Result "1/2-1/2"]
[WhiteElo "2135"]
[BlackElo "2238"]
[PlyCount "131"]
[EventDate "2015.09.04"]
[EventType "swiss"]
[EventRounds "6"]
[EventCountry "BRA"]
[SourceTitle "EXT 2016"]
[Source "ChessBase"]
[SourceDate "2015.10.08"]
[SourceVersion "1"]
[SourceVersionDate "2015.10.08"]
[SourceQuality "1"]

1. d4 d5 2. Nf3 Nf6 3. Bf4 g6 4. e3 Bg7 5. Be2 0-0 6. 0-0 c5 7. c3 Nc6 8. h3 Nd7 9. Qb3 c4 10. Qa3 Re8 11. b3 b5 12. bxc4 bxc4 13. Rd1 e5 14. Bg5 f6 15. Qd6 Ne7 16. Bh4 e4 17. Ne1 Kh8 18. g4 a5 19. Bg3 Ra6 20. Qc7 Qxc7 21. Bxc7 f5 22. g5 Nf8 23. h4 Ne6 24. Bg3 h6 25. gxh6 Bxh6 26. Be5+ Kh7 27. Ng2 f4 28. exf4 Rf8 29. f3 exf3 30. Bxf3 Nxf4 31. Bxf4 Bxf4 32. Re1 Re6 33. Rxe6 Bxe6 34. Nxf4 Rxf4 35. Nd2 Nf5 36. Re1 Nxh4 37. Bh1 Bf7 38. Re7 Kg8 39. Ra7 Nf5 40. Rxa5 Nxd4 41. cxd4 Rxd4 42. Nf3 Rd1+ 43. Kh2 d4 44. Ne5 c3 45. Rc5 Bxa2 46. Be4 Bb1 47. Bxb1 Rxb1 48. Kg3 Rd1 49. Nf3 Rd3 50. Kg4 Kg7 51. Rc4 Re3 52. Rxd4 c2 53. Rc4 Re4+ 54. Rxe4 c1Q 55. Rf4 Kh6 56. Kg3 Qc7 57. Kg4 Qd7+ 58. Kg3 Qd6 59. Kg4 Qd7+ 60. Kg3 g5 61. Rg4 Kg6 62. Rxg5+ Kf6 63. Re5 Qd6 64. Kf2 Qd1 65. Kg3 Qa4 66. Kf2 1/2-1/2

[Event "Matinhos Caioba-ch"]
[Site "Matinhos"]
[Date "2015.08.30"]
[Round "5"]
[White "Matsuura, Everaldo"]
[Black "Soares, Erikson Roberto Mau"]
[Result "1-0"]
[WhiteElo "2499"]
[BlackElo "2217"]
[PlyCount "85"]
[EventDate "2015.08.28"]
[EventType "swiss"]
[EventRounds "6"]
[EventCountry "BRA"]
[SourceTitle "EXT 2016"]
[Source "ChessBase"]
[SourceDate "2015.10.08"]
[SourceVersion "1"]
[SourceVersionDate "2015.10.08"]
[SourceQuality "1"]

1. e4 e6 2. d4 d5 3. Nc3 Nf6 4. e5 Nfd7 5. f4 c5 6. Nf3 Nc6 7. Be3 cxd4 8. Nxd4 Bc5 9. Qd2 0-0 10. 0-0-0 a6 11. Qf2 Bxd4 12. Bxd4 Nxd4 13. Qxd4 b5 14. Bd3 Qb6 15. Ne2 f6 16. exf6 Rxf6 17. Qxb6 Nxb6 18. g3 Bd7 19. Nd4 h6 20. Rhe1 Nc4 21. h4 a5 22. Re2 a4 23. Rde1 Ra6 24. b3 Nd6 25. Nxe6 axb3 26. cxb3 Bxe6 27. Rxe6 Rxa2 28. Rxf6 gxf6 29. Re6 Ne4 30. Bxe4 dxe4 31. Rxf6 Rg2 32. Rxh6 Rxg3 33. Kc2 Rf3 34. Rb6 Rxf4 35. h5 Rf5 36. h6 Re5 37. Kd2 e3+ 38. Ke2 Kh7 39. Rf6 Re4 40. Rf3 Kxh6 41. Rxe3 Rh4 42. Rg3 Rf4 43. Ke3 1-0

[Event "Universiad Men 27th"]
[Site "Kazan"]
[Date "2013.07.14"]
[Round "7"]
[White "Soares, Erikson Roberto Mau"]
[Black "Lapcevic, Milos"]
[Result "0-1"]
[WhiteElo "2193"]
[BlackElo "2403"]
[PlyCount "71"]
[EventDate "2013.07.09"]
[EventType "swiss"]
[EventRounds "9"]
[EventCountry "RUS"]
[SourceTitle "EXT 2014"]
[Source "ChessBase"]
[SourceDate "2013.11.20"]
[SourceVersion "1"]
[SourceVersionDate "2013.11.20"]
[SourceQuality "1"]

1. Nf3 c5 2. g3 b6 3. Bg2 Bb7 4. c4 Nf6 5. Nc3 e6 6. 0-0 Be7 7. Re1 a6 8. e4 d6 9. d4 cxd4 10. Nxd4 Qc7 11. Be3 0-0 12. Rc1 Nbd7 13. f4 g6 14. b4 Rac8 15. a3 Qb8 16. Qe2 Rfe8 17. Nb3 Rc7 18. e5 dxe5 19. fxe5 Nh5 20. Ne4 Nxe5 21. g4 Bxe4 22. Bxe4 Nf6 23. Bf4 Nfd7 24. c5 bxc5 25. Nxc5 Qb6 26. Kh1 Bd6 27. Nxa6 Rxc1 28. Rxc1 Nf6 29. Be3 Qd8 30. Bg5 h6 31. Bxf6 Qxf6 32. a4 Qh4 33. Qe1 Qxg4 34. Rd1 Rd8 35. Bg2 Qh5 36. Nc5 0-1

[Event "Universiad Men 27th"]
[Site "Kazan"]
[Date "2013.07.10"]
[Round "3"]
[White "De Mey, Juan Pablo"]
[Black "Soares, Erikson Roberto Mau"]
[Result "0-1"]
[WhiteElo "1951"]
[BlackElo "2193"]
[PlyCount "61"]
[EventDate "2013.07.09"]
[EventType "swiss"]
[EventRounds "9"]
[EventCountry "RUS"]
[SourceTitle "EXT 2014"]
[Source "ChessBase"]
[SourceDate "2013.11.20"]
[SourceVersion "1"]
[SourceVersionDate "2013.11.20"]
[SourceQuality "1"]

1. e4 e6 2. d4 d5 3. Nd2 Nf6 4. e5 Nfd7 5. Ngf3 c5 6. c3 Nc6 7. Bd3 Be7 8. 0-0 g5 9. dxc5 g4 10. Nd4 Ncxe5 11. Bb5 Bxc5 12. b4 Bd6 13. f4 Nc6 14. Bxc6 bxc6 15. Qxg4 Qf6 16. N2b3 Bb7 17. Be3 0-0-0 18. c4 Bxb4 19. cxd5 exd5 20. a3 Bd6 21. Nf5 Rhg8 22. Qh3 Bc7 23. Bxa7 Ba6 24. Rf2 Rde8 25. Ne3 Re4 26. Bd4 Rxd4 27. Nxd4 Qxd4 28. Rd1 Qa4 29. Qxh7 Re8 30. Qc2 Qxc2 31. Nxc2 0-1

[Event "Universiad Men 27th"]
[Site "Kazan"]
[Date "2013.07.10"]
[Round "2"]
[White "Soares, Erikson Roberto Mau"]
[Black "Farid, Firman Syah"]
[Result "0-1"]
[WhiteElo "2193"]
[BlackElo "2396"]
[PlyCount "90"]
[EventDate "2013.07.09"]
[EventType "swiss"]
[EventRounds "9"]
[EventCountry "RUS"]
[SourceTitle "EXT 2014"]
[Source "ChessBase"]
[SourceDate "2013.11.20"]
[SourceVersion "1"]
[SourceVersionDate "2013.11.20"]
[SourceQuality "1"]

1. Nf3 g6 2. g3 Bg7 3. d4 Nf6 4. Bg2 0-0 5. 0-0 d6 6. c4 Nbd7 7. Nc3 e5 8. b3 exd4 9. Nxd4 Re8 10. Bb2 Nc5 11. Qc2 c6 12. Rad1 Qb6 13. e4 a5 14. Nde2 a4 15. bxa4 Qb4 16. Rxd6 Qxc4 17. Rc1 Bg4 18. f3 Be6 19. Qd2 Qb4 20. Rd4 Qb6 21. e5 Nfd7 22. f4 Nxa4 23. Nxa4 Rxa4 24. a3 Nc5 25. Rb4 Rxb4 26. Qxb4 Qxb4 27. axb4 Nd3 28. Rb1 Ba2 29. Ra1 Bc4 30. Bc3 Nxe5 31. Bxe5 Bxe5 32. fxe5 Bxe2 33. Ra7 Rxe5 34. Rxb7 Bb5 35. Rc7 Re6 36. Bf3 Kg7 37. Kf2 Rd6 38. Rc8 Rd2+ 39. Ke3 Rd3+ 40. Kf2 Rc3 41. Rc7 Rc4 42. Rb7 Rxb4 43. Bxc6 Rb2+ 44. Kg1 Rb1+ 45. Kf2 Rf1+ 0-1

[Event "Africa-ch U20"]
[Site "Hammamet"]
[Date "2012.12.25"]
[Round "3"]
[White "Soares, Erikson Roberto Mau"]
[Black "Ameir, Moheb"]
[Result "1/2-1/2"]
[WhiteElo "2171"]
[BlackElo "2280"]
[PlyCount "50"]
[EventDate "2012.12.24"]
[EventType "swiss"]
[EventRounds "9"]
[EventCountry "TUN"]
[SourceTitle "CBM 152 Extra"]
[Source "ChessBase"]
[SourceDate "2013.02.25"]
[SourceVersion "1"]
[SourceVersionDate "2013.02.25"]
[SourceQuality "1"]

1. d4 Nf6 2. c4 e6 3. g3 Bb4+ 4. Bd2 Qe7 5. Bg2 0-0 6. Nf3 Bxd2+ 7. Nbxd2 d6 8. e4 e5 9. d5 a5 10. 0-0 Nbd7 11. Ne1 Nc5 12. Qe2 c6 13. Nd3 Nfd7 14. Nxc5 Nxc5 15. Nb3 cxd5 16. Nxc5 dxc5 17. exd5 Qd6 18. f4 exf4 19. Rxf4 Bd7 20. Re1 Rae8 21. Re4 f5 22. Re5 Rxe5 23. Qxe5 Qxe5 24. Rxe5 Re8 25. Rxe8+ Bxe8 1/2-1/2

[Event "Wch U20 50th"]
[Site "Chennai"]
[Date "2011.08.15"]
[Round "13"]
[White "Visakh, Narayanan Rajeswari"]
[Black "Soares, Erikson Roberto Mau"]
[Result "1/2-1/2"]
[WhiteElo "2042"]
[BlackElo "2181"]
[PlyCount "115"]
[EventDate "2011.08.02"]
[EventType "swiss"]
[EventRounds "13"]
[EventCountry "IND"]
[SourceTitle "CBM 143 Extra"]
[Source "ChessBase"]
[SourceDate "2011.08.29"]
[SourceVersion "1"]
[SourceVersionDate "2011.08.29"]
[SourceQuality "1"]

1. e4 e6 2. d4 d5 3. Nc3 Nf6 4. Bg5 Bb4 5. exd5 Qxd5 6. Bxf6 gxf6 7. Nf3 c5 8. a3 Bxc3+ 9. bxc3 Nc6 10. Be2 0-0 11. Qd2 cxd4 12. cxd4 Rd8 13. Rd1 Qa5 14. 0-0 Qxd2 15. Rxd2 Bd7 16. d5 exd5 17. Rxd5 Be6 18. Rxd8+ Rxd8 19. Rd1 Rc8 20. h3 Kf8 21. Kh2 Ke7 22. Rb1 b6 23. Rb5 Kf8 24. Bd3 Kg7 25. a4 h6 26. Kg3 Rd8 27. Kf4 Bd5 28. Be4 Bxe4 29. Kxe4 Rd1 30. c4 Ra1 31. Kd5 Nd8 32. c5 bxc5 33. Ra5 Rd1+ 34. Ke4 Ne6 35. Rxa7 c4 36. Ra8 Nc5+ 37. Ke3 c3 38. Rc8 c2 39. Rxc5 c1Q+ 40. Rxc1 Rxc1 41. Nd4 Ra1 42. Nf5+ Kh7 43. Kf3 Rxa4 44. g4 Kg6 45. Kg3 Re4 46. f3 Re5 47. Nh4+ Kh7 48. Nf5 h5 49. Kf4 hxg4 50. hxg4 Ra5 51. Nd6 Kg6 52. Nf5 Ra4+ 53. Kg3 Ra5 54. Kf4 Kh7 55. Nd6 Kg6 56. Nf5 Rxf5+ 57. gxf5+ Kh5 58. Ke3 1/2-1/2

[Event "Wch U20 50th"]
[Site "Chennai"]
[Date "2011.08.09"]
[Round "7"]
[White "Akash Pc, Iyer"]
[Black "Soares, Erikson Roberto Mau"]
[Result "1-0"]
[WhiteElo "2069"]
[BlackElo "2181"]
[PlyCount "85"]
[EventDate "2011.08.02"]
[EventType "swiss"]
[EventRounds "13"]
[EventCountry "IND"]
[SourceTitle "CBM 143 Extra"]
[Source "ChessBase"]
[SourceDate "2011.08.29"]
[SourceVersion "1"]
[SourceVersionDate "2011.08.29"]
[SourceQuality "1"]

1. e4 e6 2. d3 d5 3. Nd2 c5 4. Ngf3 Nf6 5. g3 b6 6. exd5 exd5 7. Bg2 Qe7+ 8. Qe2 Nc6 9. Qxe7+ Bxe7 10. a3 0-0 11. 0-0 Bb7 12. d4 cxd4 13. Nb3 Ba6 14. Re1 d3 15. Bf1 Ne4 16. cxd3 Nc5 17. Nxc5 bxc5 18. d4 Bxf1 19. Kxf1 cxd4 20. Nxd4 Nxd4 21. Rxe7 Nc2 22. Rb1 Rfe8 23. Rxe8+ Rxe8 24. Bf4 f6 25. Rc1 Rc8 26. Ke2 Nd4+ 27. Kd3 Rxc1 28. Bxc1 Nc6 29. f4 Kf7 30. b4 a6 31. Bd2 Ke6 32. a4 Kd6 33. Kc3 Nd8 34. Be3 Kc6 35. g4 Ne6 36. f5 Nc7 37. h4 Ne8 38. Bf4 g6 39. fxg6 hxg6 40. h5 f5 41. Be5 f4 42. h6 f3 43. Kd3 1-0

[Event "Wch U20 50th"]
[Site "Chennai"]
[Date "2011.08.07"]
[Round "6"]
[White "Soares, Erikson Roberto Mau"]
[Black "Aaron, Deepak"]
[Result "0-1"]
[WhiteElo "2181"]
[BlackElo "2288"]
[PlyCount "89"]
[EventDate "2011.08.02"]
[EventType "swiss"]
[EventRounds "13"]
[EventCountry "IND"]
[SourceTitle "CBM 143 Extra"]
[Source "ChessBase"]
[SourceDate "2011.08.29"]
[SourceVersion "1"]
[SourceVersionDate "2011.08.29"]
[SourceQuality "1"]

1. d4 d5 2. Nf3 Nf6 3. g3 c6 4. Bg2 Bf5 5. c4 e6 6. Nc3 Bb4 7. Qb3 a5 8. c5 Nbd7 9. 0-0 b6 10. cxb6 c5 11. Nh4 c4 12. Qa4 Bxc3 13. bxc3 Qxb6 14. Nxf5 exf5 15. Ba3 Rb8 16. Qc2 g6 17. Rab1 Qc6 18. Rxb8+ Nxb8 19. Rb1 Na6 20. Bc5 Nd7 21. Qb2 Naxc5 22. dxc5 0-0 23. Qb5 Qc7 24. Qb7 Qxb7 25. Rxb7 Nxc5 26. Rc7 Ne6 27. Rc6 Rd8 28. e3 a4 29. Ra6 Nc5 30. Ra5 Nd3 31. Bxd5 Nb2 32. Rb5 Nd1 33. Bxc4 Nxc3 34. Rb7 Kg7 35. Rxf7+ Kh6 36. Rc7 Ne4 37. f3 Rd1+ 38. Kg2 Rd2+ 39. Kg1 Ng5 40. f4 Nf3+ 41. Kf1 Nxh2+ 42. Kg1 Nf3+ 43. Kf1 Rc2 44. Rc6 Nd2+ 45. Ke2 0-1

[Event "Africa-ch"]
[Site "Maputo"]
[Date "2011.06.06"]
[Round "3"]
[White "Soares, Erikson Roberto Mau"]
[Black "Seraoui, Mohcen"]
[Result "1/2-1/2"]
[WhiteElo "2196"]
[BlackElo "2099"]
[PlyCount "192"]
[EventDate "2011.06.04"]
[EventType "swiss"]
[EventRounds "9"]
[EventCountry "MOZ"]
[SourceTitle "CBM 142 Extra"]
[Source "ChessBase"]
[SourceDate "2011.06.27"]
[SourceVersion "1"]
[SourceVersionDate "2011.06.27"]
[SourceQuality "1"]

1. Nf3 c5 2. g3 b6 3. Bg2 Bb7 4. c4 Nf6 5. Nc3 e6 6. 0-0 Be7 7. Re1 g6 8. e4 d6 9. d4 cxd4 10. Nxd4 Qc7 11. Bg5 Nbd7 12. Bxf6 Nxf6 13. e5 dxe5 14. Bxb7 Qxb7 15. Qf3 Qxf3 16. Nxf3 Nd7 17. Nxe5 Nxe5 18. Rxe5 0-0 19. Na4 Rfb8 20. Nc3 Bf6 21. Re2 Rc8 22. Na4 Rab8 23. c5 bxc5 24. Rc1 Bd4 25. Rec2 Rb4 26. b3 Rb5 27. Rc4 e5 28. b4 a5 29. a3 f6 30. R1c2 Kf7 31. Nc3 Bxc3 32. R2xc3 axb4 33. axb4 Ke6 34. bxc5 Kd5 35. c6 Rc7 36. Rc1 Rb6 37. Ra4 Rbxc6 38. Rxc6 Kxc6 39. Kg2 Kd5 40. Ra8 Ke4 41. Ra4+ Kf5 42. Ra5 g5 43. h3 h5 44. Ra8 g4 45. Rh8 Kg6 46. hxg4 hxg4 47. Ra8 f5 48. Rg8+ Kf6 49. Ra8 f4 50. gxf4 exf4 51. Rg8 Rg7 52. Rf8+ Kg5 53. Ra8 Rg6 54. Rb8 Rh6 55. Rg8+ Kf5 56. Rf8+ Rf6 57. Ra8 Rd6 58. Rf8+ Ke4 59. Re8+ Kf5 60. Rf8+ Rf6 61. Ra8 Rf7 62. Rb8 Kf6 63. Rg8 Rg7 64. Ra8 Kg5 65. Rb8 Rh7 66. Rg8+ Kh4 67. Rg6 Ra7 68. Rh6+ Kg5 69. Rh8 Rg7 70. Ra8 Kf5 71. Rf8+ Ke4 72. Re8+ Kd3 73. Rd8+ Ke4 74. Re8+ Kf5 75. Rf8+ Kg5 76. Rh8 Rg6 77. Ra8 Kf6 78. Rf8+ Ke5 79. Re8+ Kf5 80. Rf8+ Kg5 81. Ra8 Rh6 82. Rg8+ Kh4 83. Rg7 Rh8 84. Rg6 Ra8 85. Rg7 Ra2 86. Rh7+ Kg5 87. Rg7+ Kh5 88. Rf7 Ra4 89. Rf8 Kg5 90. Rg8+ Kf5 91. Rf8+ Ke5 92. Rg8 g3 93. fxg3 Ra2+ 94. Kf3 Ra3+ 95. Kf2 fxg3+ 96. Rxg3 Rxg3 1/2-1/2